Online Catalogue and eLibrary

Voices of change : (Record no. 3369)

MARC details
000 -LEADER
fixed length control field 00512nam a2200181Ia 4500
005 - DATE AND TIME OF LATEST TRANSACTION
control field 20241128061306.0
008 - FIXED-LENGTH DATA ELEMENTS--GENERAL INFORMATION
fixed length control field 240331s9999 xx 000 0 und d
020 ## - INTERNATIONAL STANDARD BOOK NUMBER
ISBN 1555877753
082 ## - DDC Classification
Item Number - Author Mark VOI
Class No. 892
245 #0 - TITLE STATEMENT
Title Voices of change :
Remainder of title short stories by Saudi Arabian women writers
260 ## - PUBLICATION, DISTRIBUTION, ETC.
Place of publication, distribution, etc. Boulder & London
Name of publisher, distributor, etc. Lynne Rienner Publishers
Date of publication, distribution, etc. 1998
300 ## - PHYSICAL DESCRIPTION
Extent (e.g. Volumes, Pages etc.) Xii, 171 p .,
650 ## - SUBJECT ADDED ENTRY--TOPICAL TERM
Topical term or geographic name entry element Arabic Fiction
650 ## - SUBJECT ADDED ENTRY--TOPICAL TERM
Topical term or geographic name entry element Short Stories
650 ## - SUBJECT ADDED ENTRY--TOPICAL TERM
Topical term or geographic name entry element English Literature
700 ## - ADDED ENTRY--PERSONAL NAME
Personal name Bagadar, A.
Relator term (Role) Editor
942 ## - Koha item type (Biblio)
Koha item type Books in Stacks (Lending)
Holdings
Lost status Damaged status Collection code Home library Current library Shelving location Date acquired Full call number Accession Number Item type
    Lending WERC Library WERC Library Social Science Cupboard 03/31/2024 892 VOI 2682 Books in Stacks (Lending)

© WERC Library